| 000 -LEADER |
| fixed length control field |
00462nam a22001695i 4500 |
| 003 - CONTROL NUMBER IDENTIFIER |
| control field |
OSt |
| 005 - DATE AND TIME OF LATEST TRANSACTION |
| control field |
20240116111428.0 |
| 008 - FIXED-LENGTH DATA ELEMENTS--GENERAL INFORMATION |
| fixed length control field |
221104s2023 mau 000 0 eng |
| 020 ## - INTERNATIONAL STANDARD BOOK NUMBER |
| International Standard Book Number |
9783035626988 |
| Qualifying information |
(paperback) |
| 082 ## - DEWEY DECIMAL CLASSIFICATION NUMBER |
| Classification number |
720.922 |
| Item number |
MAR |
| 245 00 - TITLE STATEMENT |
| Title |
Holodeck architects works / |
| Statement of responsibility, etc |
Marlies Breuss, Michael Ogertschnig. |
| 263 ## - PROJECTED PUBLICATION DATE |
| Projected publication date |
2302 |
| 300 ## - PHYSICAL DESCRIPTION |
| Extent |
pages cm |
| 700 1# - ADDED ENTRY--PERSONAL NAME |
| Personal name |
Breuss, Marlies, |
| Relator term |
editor. |
| 700 1# - ADDED ENTRY--PERSONAL NAME |
| Personal name |
Ogertschnig, Michael, |
| Relator term |
editor. |
| 942 ## - ADDED ENTRY ELEMENTS (KOHA) |
| Source of classification or shelving scheme |
|